00853nam a22001575i 4500001000700000003000900007005001700016008004100033040003000074100004200104245015900146260009600305300002100401700004900422852022400471163361ES-MaACL20251109135024.0991008s1872 sp |||| | spa d aCCPB | B bspa cCCPB | B1 aRetes, Francisco Luis de, d1822-190113aLa razón de la fuerza b: comedia en tres actos y en verso / coriginal de los señores D. Francisco Luis de Retes y D. Francisco Pérez Echevarría. aMadrid : bAdministración Lírico-Dramática, c1872 (fImprenta de José Rodríguez) a95 p. ; c20 cm.1 aPérez Echevarría, Francisco, d1842-1884 aES-MaACLjF-8574(6) z-- Enc. pasta española, falto de la cub. originalz-- Enc. en un vol. facticio formando parta de la Col. "Teatro español moderno" vol. 27 z.- Dedicatoria manuscrita de los autores en anteport.